000 00769nam a2200253 a 4500
001 25443
003 CO-ViMGA
008 141112s2004 ck r 000 u spa d
015 _ack - 2010 - xxxx
020 _a9789583509346
040 _aCO-ViMGA
_bspa
_cCO-ViMGA
082 0 4 _a346.02 O78m
100 1 _aOrtiz Monsalve, Álvaro
_938814
245 1 0 _aManual de obligaciones /
_cÁlvaro Ortiz Monsalve
250 _a6a. ed.
260 _aBogotá :
_bTemis,
_c2013
300 _a169 p. ; 21 cm
504 _aBibliografía : p. 139 - 141
598 _aNEW - GRAL, Bogotá, NEW
650 1 4 _aObligaciones (Derecho civil) - Colombia
_938815
917 _a2010 - 1561 2 ejemplares
942 _2ddc
_cBK
990 _a2010 - 1561 Temis 2 ejemplares 21 20022010 a710459
999 _c33030
_d33030